[Event "Muensterland Verbandsklasse-A 1213"]
[Site "Germany"]
[Date "2012.10.20"]
[Round "2.4"]
[White "Jonas, Robert"]
[Black "Bohn, Patrick"]
[Result "1-0"]
[WhiteElo "1751"]
[BlackElo "1743"]
[PlyCount "47"]
[EventDate "2012.09.15"]
[EventType "team-tourn"]
[EventRounds "9"]
[EventCountry "GER"]
[SourceTitle "EXT 2015"]
[Source "ChessBase"]
[SourceDate "2014.11.20"]
[SourceVersion "1"]
[SourceVersionDate "2014.11.20"]
[SourceQuality "1"]
[WhiteTeam "Ibbenbueren"]
[BlackTeam "Heiden"]
[WhiteTeamCountry "GER"]
[BlackTeamCountry "GER"]

1. e4 c5 2. Nf3 d6 3. d4 cxd4 4. Nxd4 Nf6 5. Nc3 g6 6. f4 Bg7 7. e5 dxe5 8. fxe5 Ng4 9. Bb5+ Bd7 10. Qxg4 Nc6 11. Bxc6 bxc6 12. e6 fxe6 13. Nxe6 Bxe6 14. Qxe6 Qb6 15. Bg5 Bxc3+ 16. bxc3 Qc5 17. Qe3 Qa3 18. c4 Qb4+ 19. c3 Qd6 20. Rd1 Qc7 21. 0-0 Rf8 22. Rxf8+ Kxf8 23. Bh6+ Ke8 24. Qe6 1-0

[Event "Muensterland Verbandsliga 1112"]
[Site "Germany"]
[Date "2012.01.07"]
[Round "5.7"]
[White "Bohn, Patrick"]
[Black "Becker, Daniel"]
[Result "0-1"]
[WhiteElo "1662"]
[BlackElo "1910"]
[PlyCount "76"]
[EventDate "2011.09.24"]
[EventType "team-tourn"]
[EventRounds "9"]
[EventCountry "GER"]
[SourceTitle "EXT 2013"]
[Source "ChessBase"]
[SourceDate "2012.11.22"]
[SourceVersion "1"]
[SourceVersionDate "2012.11.22"]
[SourceQuality "1"]
[WhiteTeam "Heiden"]
[BlackTeam "Nienberge"]
[WhiteTeamCountry "GER"]
[BlackTeamCountry "GER"]

1. d4 g6 2. Nf3 Bg7 3. c4 d6 4. Nc3 Nd7 5. g3 e5 6. Bg2 f5 7. Bg5 Ngf6 8. dxe5 dxe5 9. e4 0-0 10. 0-0 h6 11. Bxf6 Bxf6 12. exf5 gxf5 13. Qd5+ Kh7 14. Bh3 Nb6 15. Qc5 Qd6 16. Qxd6 cxd6 17. Nd2 a6 18. Nd5 Bd8 19. Rac1 Be6 20. Bg2 e4 21. Nf4 Bg8 22. Rfd1 Bg5 23. Nd5 Nxd5 24. cxd5 Bxd5 25. h4 Bf6 26. Nb3 Bc6 27. Rxd6 Bxb2 28. Rcd1 Be5 29. R6d2 f4 30. g4 Rg8 31. Bh3 Bf6 32. h5 Rad8 33. Na5 Rxd2 34. Rxd2 Bc3 35. Nxc6 Bxd2 36. Nd4 e3 37. f3 Bc3 38. Nf5 e2 0-1